000 00416nam a2200157Ia 4500
008 240729s9999 xx 000 0 und d
022 _a2041-6695
245 0 _ai-Perception
260 _aUnited Kingdom
260 _bSAGE Publishing
650 _a Psychology
650 _aPhilosophy. Psychology. Religion
856 _uhttps://doaj.org/toc/8d177a70258242a69c4d87180d58e71e
942 _2ddc
942 _cDOAJEJ
999 _c67669
_d67669
945 _a1
_bMadushi Gamage
_c1
_dMadushi Gamage